header

Managing your library construction project (Record no. 114076)

MARC details
000 -LEADER
fixed length control field 01919nam a2200349 a 4500
082 04 - DEWEY DECIMAL CLASSIFICATION NUMBER
Classification number 727/.8/0973
100 1# - MAIN ENTRY--AUTHOR NAME
Personal name McCarthy, Richard C.
245 10 - TITLE STATEMENT
Title Managing your library construction project
260 ## - PUBLICATION, DISTRIBUTION, ETC. (IMPRINT)
Place of publication Chicago :
Name of publisher American Library Association,
Year of publication 2007.
300 ## - PHYSICAL DESCRIPTION
Number of Pages ix, 172 p. :
Other physical details ill.
500 ## - GENERAL NOTE
General note "Published in previous editions by Highsmith Press as Designing better libraries : selecting and working with building professionals"--T.p. verso.
505 0# - FORMATTED CONTENTS NOTE
Formatted contents note First things first -- When to use an architect -- Anatomy of a project -- Programming -- Site analysis -- Building design -- Construction documents -- Bidding -- Construction administration -- Postconstruction -- Finding, selecting, and hiring an architect -- Project delivery -- Sustainable design -- Project costs and building costs.
650 #0 - SUBJECT ADDED ENTRY--TOPICAL TERM
Topical Term Library buildings
700 1# - ADDED ENTRY--PERSONAL NAME
Personal name McCarthy, Richard C.
856 40 - ELECTRONIC LOCATION AND ACCESS
Uniform Resource Identifier http://site.ebrary.com/lib/rucke/Doc?id=10194694

No items available.

© 2026 Rongo University
Contact us: librarian | system librarian | Rongo university